Design of concrete structures (Record no. 3628)

000 -LEADER
fixed length control field 00663nam a2200229 a 4500
001 - CONTROL NUMBER
control field 3628
003 - CONTROL NUMBER IDENTIFIER
control field BD-DhUET
008 - FIXED-LENGTH DATA ELEMENTS--GENERAL INFORMATION
fixed length control field 850621s1985 enka b 101 0 eng
020 ## - INTERNATIONAL STANDARD BOOK NUMBER
International Standard Book Number 007Y665486
040 ## - CATALOGING SOURCE
Original cataloging agency DLC
Transcribing agency DLC
Modifying agency BD-DhUET
082 00 - DEWEY DECIMAL CLASSIFICATION NUMBER
Classification number 624.183
Item number NIL/1986
100 ## - MAIN ENTRY--PERSONAL NAME
Personal name Nilson, Arthur H.
245 00 - TITLE STATEMENT
Title Design of concrete structures
Statement of responsibility, etc. by Arthur H. Nilson and George Winter
250 ## - EDITION STATEMENT
Edition statement 10th ed.
260 ## - PUBLICATION, DISTRIBUTION, ETC. (IMPRINT)
Place of publication, distribution, etc. New York:
Name of publisher, distributor, etc. McGraw Hill Book Company,
Date of publication, distribution, etc. 1986.
300 ## - PHYSICAL DESCRIPTION
Extent xi, 380 p. :
Other physical details ill. ;
Dimensions 23 cm.
490 ## - SERIES STATEMENT
Series statement Civil engineering series
504 ## - BIBLIOGRAPHY, ETC. NOTE
Bibliography, etc Includes bibliographies
650 #0 - SUBJECT ADDED ENTRY--TOPICAL TERM
Topical term or geographic name as entry element Reinforced concrete
700 ## - ADDED ENTRY--PERSONAL NAME
Personal name Winter, George
942 ## - ADDED ENTRY ELEMENTS (KOHA)
Koha item type General Book
Holdings
Date acquired Koha out on loan Lost status Koha date last borrowed Koha full call number Koha date last seen Source of classification or shelving scheme Koha item type Not for loan Koha renewals Sublocation or collection (holding branch) Copy number Shelving location Price effective from Koha issues (times borrowed) Koha normalized classification for sorting Location (home branch) Piece designation (barcode) Damaged status Withdrawn status
2014-11-022027-02-23 2026-02-23624.183/NIL/19862026-02-23 General Book 1Central Library, BUET1Circulation section2014-11-026624_000000000000000_183NIL1986Central Library, BUET77873  
1990-10-23   624.183 NIL/19862024-12-04 Rental Item  Central Library, BUET১০/ক-১Rental section2024-12-04 624_183000000000000_NIL_1986Central Library, BUET77816  
1990-10-23   624.183 NIL/19862024-12-04 Rental Item  Central Library, BUET১০/ক-২Rental section2024-12-04 624_183000000000000_NIL_1986Central Library, BUET77817  
1990-10-23   624.183 NIL/19862024-12-04 Rental Item  Central Library, BUET১০/ক-৩Rental section2024-12-04 624_183000000000000_NIL_1986Central Library, BUET77818  
1990-10-23   624.183 NIL/19862024-12-04 Rental Item  Central Library, BUET১০/ক-৪Rental section2024-12-04 624_183000000000000_NIL_1986Central Library, BUET77819  
1990-10-23   624.183 NIL/19862024-12-04 Rental Item  Central Library, BUET১০/ক-৫Rental section2024-12-04 624_183000000000000_NIL_1986Central Library, BUET77820  
1990-10-23   624.183 NIL/19862024-12-04 Rental Item  Central Library, BUET১০/ক-৬Rental section2024-12-04 624_183000000000000_NIL_1986Central Library, BUET77821  
1990-10-23   624.183 NIL/19862024-12-04 Rental Item  Central Library, BUET১০/ক-৭Rental section2024-12-04 624_183000000000000_NIL_1986Central Library, BUET77822  
1990-10-23   624.183 NIL/19862024-12-04 Rental Item  Central Library, BUET১০/ক-৮Rental section2024-12-04 624_183000000000000_NIL_1986Central Library, BUET77823  
1990-10-23   624.183 NIL/19862024-12-04 Rental Item  Central Library, BUET১০/ক-৯Rental section2024-12-04 624_183000000000000_NIL_1986Central Library, BUET77824  
1990-10-23   624.183 NIL/19862024-12-04 Rental Item  Central Library, BUET১০/ক-১০Rental section2024-12-04 624_183000000000000_NIL_1986Central Library, BUET77825  
1990-10-23   624.183 NIL/19862024-12-04 Rental Item  Central Library, BUET১০/ক-১১Rental section2024-12-04 624_183000000000000_NIL_1986Central Library, BUET77826  
1990-10-23   624.183 NIL/19862024-12-04 Rental Item  Central Library, BUET১০/ক-১২Rental section2024-12-04 624_183000000000000_NIL_1986Central Library, BUET77827  
1990-10-23   624.183 NIL/19862024-12-04 Rental Item  Central Library, BUET১০/ক-১৩Rental section2024-12-04 624_183000000000000_NIL_1986Central Library, BUET77828  
1990-10-23   624.183 NIL/19862024-12-04 Rental Item  Central Library, BUET১০/ক-১৪Rental section2024-12-04 624_183000000000000_NIL_1986Central Library, BUET77829  
1990-10-23   624.183 NIL/19862024-12-04 Rental Item  Central Library, BUET১০/ক-১৫Rental section2024-12-04 624_183000000000000_NIL_1986Central Library, BUET77830  
1990-10-23   624.183 NIL/19862024-12-04 Rental Item  Central Library, BUET১০/ক-১৬Rental section2024-12-04 624_183000000000000_NIL_1986Central Library, BUET77831  
1990-10-23   624.183 NIL/19862024-12-04 Rental Item  Central Library, BUET১০/ক-১৭Rental section2024-12-04 624_183000000000000_NIL_1986Central Library, BUET77832  
1990-10-23   624.183 NIL/19862024-12-04 Rental Item  Central Library, BUET১০/ক-১৮Rental section2024-12-04 624_183000000000000_NIL_1986Central Library, BUET77833  
1990-10-23   624.183 NIL/19862024-12-04 Rental Item  Central Library, BUET১০/ক-১৯Rental section2024-12-04 624_183000000000000_NIL_1986Central Library, BUET77834  
1990-10-23   624.183 NIL/19862024-12-04 Rental Item  Central Library, BUET১০/ক-২০Rental section2024-12-04 624_183000000000000_NIL_1986Central Library, BUET77835